[Event "American Continental"]
[Site "Buenos Aires ARG"]
[Date "2005.08.13"]
[Round "8"]
[White "Rodi,L"]
[Black "Morinongeli,M"]
[Result "0-1"]
[WhiteElo "2242"]
[BlackElo "2119"]
[EventDate "2005.08.06"]

1. e4 e6 2. d4 d5 3. Nc3 Bb4 4. a3 Bxc3+ 5. bxc3 dxe4 6. Qg4 Qf6 7. Qxe4
Qg6 8. Bd3 Qxe4+ 9. Bxe4 Nf6 10. Bf3 Na6 11. Ne2 Rb8 12. Bf4 O-O 13. O-O b6
14. a4 Bb7 15. Bxb7 Rxb7 16. a5 b5 17. Rfb1 Rfb8 18. Rb3 Ne4 19. Rab1 Nd6
20. Nc1 f6 21. Nd3 Nc4 22. h4 Kf7 23. Kf1 Ke7 24. Ke2 Kd7 25. h5 Kc6 26.
Nb2 Kd5 27. Nd3 Kc6 28. Bg3 Re8 29. f4 h6 30. Rd1 Rbb8 31. Kf3 Rbd8 32.
Rbb1 Rd5 33. Ra1 Rxh5 34. Re1 Rf5 35. Bf2 h5 36. Re2 Kd5 37. g4 hxg4+ 38.
Kxg4 Kd6 39. Bg3 g6 40. Rh1 Rg8 41. Ree1 Kd5 42. Rh2 Rh5 43. Rhe2 Re8 44.
Kf3 Nd6 45. Nf2 Nb8 46. Ng4 Nd7 47. Ne3+ Kc6 48. Ng4 f5 49. Nf2 Kd5 50. Rb1
a6 51. Rbe1 Rh7 52. Kg2 Kc4 53. Re3 Nb8 54. Rb1 Nc6 55. Nd1 Ne4 56. Be1
Reh8 57. Bg3 Kd5 58. Nf2 Nxf2 59. Kxf2 Rh1 60. Ree1 Rxe1 61. Rxe1 Re8 62.
Ra1 Kc4 63. Ra3 Ne7 64. Ke3 Nd5+ 65. Kd2 Rh8 66. Ra1 Rh3 67. Rg1 Nxc3 68.
Be1 Rh2+ 69. Ke3 Rxc2 70. Bh4 b4 71. Be7 Nd5+ 72. Kf3 Nxe7 73. d5 Nxd5 74.
Kg3 b3 75. Kh4 b2 0-1

[Event "American Continental"]
[Site "Buenos Aires ARG"]
[Date "2005.08.13"]
[Round "8"]
[White "Uribe,M"]
[Black "Cerda,G"]
[Result "1/2-1/2"]
[WhiteElo "2373"]
[BlackElo "2237"]
[EventDate "2005.08.06"]

1. e4 c5 2. Nf3 Nc6 3. Bb5 Qb6 4. Nc3 e6 5. O-O Nge7 6. Re1 Ng6 7. Bxc6
dxc6 8. e5 Be7 9. b3 O-O 10. Bb2 c4 11. Qe2 cxb3 12. axb3 c5 13. Ra4 Bd7
14. Rg4 f5 15. exf6 Bxf6 16. Re4 Rae8 17. Qc4 Qc7 18. Ba3 Rc8 19. b4 cxb4
20. Qxb4 Be7 21. Qb3 Bxa3 22. Qxa3 Qc5 23. Qxc5 Rxc5 24. Ne5 Nxe5 25. Rxe5
Rxe5 26. Rxe5 Rf5 27. Rxf5 exf5 28. f4 a5 29. Nb1 b5 30. Kf2 Be6 31. Nc3 b4
32. Na4 b3 33. cxb3 Bxb3 34. Nc3 Kf7 35. Ke3 Ke6 36. Kd4 Kd6 37. Nb5+ Kc6
38. Na3 h6 39. g3 Kd6 40. Nb5+ Kc6 41. Na3 Kd6 42. Kc3 Bf7 43. Nc2 g5 44.
Ne3 Be6 45. d4 gxf4 46. gxf4 h5 47. h4 a4 48. Kb4 Bd7 49. Kc4 Be6+ 50. d5
Bd7 51. Kd4 Kc7 52. Nc4 Bb5 53. Na3 Kb6 54. Ke3 Bd7 55. Kd4 Bc8 1/2-1/2

[Event "American Continental"]
[Site "Buenos Aires ARG"]
[Date "2005.08.13"]
[Round "8"]
[White "Utman,C"]
[Black "Goldwaser,C"]
[Result "0-1"]
[WhiteElo "2341"]
[BlackElo "2180"]
[EventDate "2005.08.06"]

1. e4 c5 2. Nf3 d6 3. d4 cxd4 4. Nxd4 Nf6 5. Nc3 a6 6. Bg5 e6 7. f4 Nc6 8.
Qd2 h6 9. Nxc6 bxc6 10. Bxf6 Qxf6 11. O-O-O e5 12. f5 Qg5 13. Bc4 Qxd2+ 14.
Rxd2 Be7 15. h4 g6 16. fxg6 fxg6 17. Rf2 Rf8 18. Rxf8+ Bxf8 19. Rf1 Ra7 20.
g3 h5 21. Kd2 Bh6+ 22. Kd3 Rg7 23. Ke2 Ke7 24. Kf2 Be6 25. Bxe6 Kxe6 26.
Rd1 Rd7 27. Na4 Bf8 28. c4 d5 29. cxd5+ cxd5 30. exd5+ Rxd5 31. Rxd5 Kxd5
32. Nb6+ Kd4 33. Nd7 Bd6 34. Nf6 e4 35. g4 Kd3 36. Nd5 hxg4 37. b4 g3+ 38.
Kf1 e3 0-1

[Event "American Continental"]
[Site "Buenos Aires ARG"]
[Date "2005.08.13"]
[Round "8"]
[White "Fierro Baquero,M"]
[Black "Duje,R"]
[Result "0-1"]
[WhiteElo "2340"]
[BlackElo "2146"]
[EventDate "2005.08.06"]

1. e4 c5 2. Nf3 d6 3. d4 cxd4 4. Nxd4 Nf6 5. Nc3 g6 6. Be3 Bg7 7. f3 Nc6 8.
Qd2 O-O 9. Bc4 Bd7 10. O-O-O Qc7 11. Bb3 Rfc8 12. Kb1 Ne5 13. g4 Nc4 14.
Bxc4 Qxc4 15. g5 Nh5 16. Nd5 Kf8 17. Ne2 Be6 18. Ng3 Rc6 19. Nxh5 gxh5 20.
b3 Qa6 21. Bd4 Bxd5 22. exd5 Rc7 23. Rhe1 Rac8 24. Bxg7+ Kxg7 25. Qd4+ Kg8
26. Rd2 Qa5 27. Re4 Qc5 28. Qxc5 dxc5 29. c4 Kg7 30. Rde2 Kf8 31. a4 a6 32.
a5 Rb8 33. Kc2 b6 34. axb6 Rxb6 35. Re1 Rcb7 36. R4e3 h6 37. gxh6 Rxh6 38.
Rg1 a5 39. Ra1 Ra6 40. Re5 Rab6 41. Re3 Ra7 42. Re5 0-1

[Event "American Continental"]
[Site "Buenos Aires ARG"]
[Date "2005.08.13"]
[Round "8"]
[White "Avalos,J"]
[Black "Malajovich,S"]
[Result "1-0"]
[WhiteElo "2323"]
[BlackElo "2126"]
[EventDate "2005.08.06"]

1. d4 g6 2. e4 Bg7 3. Nc3 d6 4. f4 Nf6 5. Nf3 O-O 6. Bd3 Nc6 7. e5 dxe5 8.
fxe5 Ng4 9. h3 Nh6 10. d5 Nb4 11. Bc4 c6 12. Bg5 Nxd5 13. Bxd5 cxd5 14.
Nxd5 f6 15. exf6 exf6 16. Bf4 Bf5 17. c4 Rc8 18. Qb3 Qa5+ 19. Bd2 Qc5 20.
Be3 Rfe8 21. O-O Qxc4 22. Qxc4 Rxc4 23. Bxh6 Bxh6 24. Nxf6+ Kf8 25. Nxe8
Kxe8 26. Rfe1+ Kf8 27. b3 Rc3 28. Rad1 Be3+ 29. Kh1 Be4 30. Nd4 a6 31. Ne2
Rc2 32. Nf4 Rc3 33. Nd5 Bxd5 34. Rxd5 b6 35. Rd7 Kg8 36. b4 a5 37. b5 h5
38. Rb7 g5 39. Rd1 Rc8 40. Re7 Bf4 41. Re6 Rb8 42. Rd7 Rc8 43. Rc6 Re8 44.
g4 hxg4 45. hxg4 Be3 46. Rcc7 Bc5 47. Rg7+ Kh8 48. Rgd7 Kg8 49. a4 Re1+ 50.
Kg2 Re4 51. Rxc5 Rxg4+ 52. Kf3 Rf4+ 53. Kg3 bxc5 54. b6 Rxa4 55. b7 Rb4 56.
Rd8+ Kf7 57. b8=Q Rxb8 58. Rxb8 Ke6 59. Rb5 Kd5 60. Rxa5 Kd4 61. Kf2 g4 62.
Ra8 c4 63. Rg8 Kd3 64. Ke1 Kc2 65. Rxg4 c3 66. Rg8 Kc1 67. Rc8 c2 68. Rc7
1-0

[Event "American Continental"]
[Site "Buenos Aires ARG"]
[Date "2005.08.13"]
[Round "8"]
[White "Tovillas,D"]
[Black "Guerrero,Alv"]
[Result "0-1"]
[WhiteElo "2310"]
[BlackElo "2092"]
[EventDate "2005.08.06"]

1. b3 d5 2. Bb2 Nf6 3. f4 c5 4. Nf3 g6 5. e3 Bg7 6. Ne5 Nbd7 7. Be2 O-O 8.
O-O Ne4 9. Bf3 Ng5 10. Bg4 Nxe5 11. Bxe5 Bxe5 12. fxe5 Qc7 13. d4 Bxg4 14.
Qxg4 Ne4 15. c4 h5 16. Qf4 g5 17. Qf3 e6 18. Qxh5 Kg7 19. Nd2 Rh8 20. Qe2
f5 21. exf6+ Nxf6 22. g3 Rh6 23. Rf2 Rah8 24. Rg2 e5 25. cxd5 cxd4 26. e4
d3 27. Qe3 Ng4 28. Qxa7 Nxh2 29. d6 Ng4 30. Rh2 Qc3 31. Qxb7+ Kg6 32. Rf1
Qd4+ 33. Rff2 Nxf2 0-1

[Event "American Continental"]
[Site "Buenos Aires ARG"]
[Date "2005.08.13"]
[Round "8"]
[White "Lo Presti,R"]
[Black "Chemin,J"]
[Result "0-1"]
[WhiteElo "2068"]
[BlackElo "2296"]
[EventDate "2005.08.06"]

1. e4 e5 2. Nc3 Nf6 3. Bc4 Nc6 4. d3 Bb4 5. Bd2 d6 6. a3 Bc5 7. Na4 Bb6 8.
Nxb6 axb6 9. Bg5 Be6 10. Bxe6 fxe6 11. Ne2 O-O 12. Ng3 h6 13. Be3 Ne7 14.
O-O Qe8 15. f4 exf4 16. Bxf4 Ng6 17. Be3 Nh4 18. Rf4 Ng6 19. Rf1 Nh4 20.
Rf4 g5 21. Rf2 Qg6 22. Bd4 Nd7 23. Rxf8+ Rxf8 24. Qe2 Nc5 25. Rf1 Rf4 26.
Nh5 Rxf1+ 27. Kxf1 Nd7 28. Ng3 Qf7+ 29. Qf2 Qe7 30. Nh5 e5 31. Be3 Ng6 32.
Ng3 Nh4 33. Nf5 Nxf5 34. Qxf5 Qf7 35. Qxf7+ Kxf7 36. h4 Kg6 37. hxg5 hxg5
38. Kf2 Nf6 39. Kf3 Kh5 40. g3 g4+ 41. Ke2 Kg6 42. Bf2 Kf7 43. c3 Ke6 44.
c4 Kd7 45. b4 Kc6 46. b5+ Kd7 47. a4 Ke6 48. Be3 Nh7 49. Kf2 Nf6 50. Bg5
Nd7 51. Be3 c6 52. Ke2 d5 53. Kd2 d4 54. Bh6 Nc5 55. Kc2 Nxa4 56. Bd2 Nc5
57. Bg5 Nd7 58. Bd2 Nf6 59. Kb3 Ne8 60. Kb4 Kd6 61. Bh6 Nf6 62. Bd2 Nd7 63.
Bh6 Ke6 64. Kb3 Kd6 65. Kb4 Ke7 66. Kb3 Nf8 67. Kc2 Ne6 68. Bd2 cxb5 69.
cxb5 Nc7 70. Bg5+ Kd7 71. Bf6 Kd6 72. Bd8 Nxb5 73. Bxb6 Kc6 74. Bd8 Nc3 75.
Kd2 b5 76. Be7 Na4 77. Kc2 Nb6 78. Bf6 Nd7 79. Bg7 Kb6 80. Kb2 b4 81. Kb3
Kb5 82. Kc2 Ka4 83. Bh8 b3+ 84. Kb1 Kb4 0-1

[Event "American Continental"]
[Site "Buenos Aires ARG"]
[Date "2005.08.13"]
[Round "8"]
[White "Lida Garcia,F"]
[Black "Blit,J"]
[Result "0-1"]
[WhiteElo "2066"]
[BlackElo "2278"]
[EventDate "2005.08.06"]

1. b4 Nf6 2. c4 g6 3. Bb2 Bg7 4. e4 d6 5. Qc2 O-O 6. a3 c5 7. Ne2 b6 8. b5
a6 9. a4 axb5 10. axb5 Rxa1 11. Bxa1 Bb7 12. d3 e6 13. g3 d5 14. Bg2 Nbd7
15. O-O d4 16. Bb2 Bh6 17. Nd2 e5 18. Ra1 Ne8 19. Bc1 Nd6 20. Nf3 Bg7 21.
Bg5 f6 22. Bd2 f5 23. Ng5 Qf6 24. f3 fxe4 25. Nxe4 Nxe4 26. dxe4 Qd6 27.
Nc1 Nf6 28. Bh3 Ne8 29. Ra3 Qe7 30. Qd1 Nd6 31. Bf1 Qf7 32. Qe2 Bc8 33. Kg2
Be6 34. Ra4 Kh8 35. f4 Qb7 36. Nb3 Bf5 37. fxe5 Bxe4+ 38. Kg1 Bxe5 39. Bh6
Bg7 40. Bxg7+ Kxg7 41. Qa2 Qf7 42. Ra7 Nb7 43. Bg2 Qxc4 44. Qd2 Qd5 45. Qe2
Bxg2 46. Qxg2 Qxb3 47. Rxb7+ Kg8 48. h4 Qe3+ 0-1

[Event "American Continental"]
[Site "Buenos Aires ARG"]
[Date "2005.08.13"]
[Round "8"]
[White "Minaya,J"]
[Black "Elias,L"]
[Result "1-0"]
[WhiteElo "2255"]
[BlackElo "2061"]
[EventDate "2005.08.06"]

1. e4 c5 2. Nc3 Nc6 3. g3 e6 4. Bg2 Nf6 5. f4 d5 6. e5 Nd7 7. d3 Rb8 8. a4
a6 9. Nf3 b5 10. axb5 axb5 11. O-O Be7 12. Ne2 f6 13. exf6 Bxf6 14. g4 O-O
15. Ng3 g6 16. f5 exf5 17. gxf5 Nde5 18. Nxe5 Nxe5 19. Bf4 Bxf5 20. Nxf5
gxf5 21. Bh6 Ng4 22. Bxf8 Bd4+ 23. Kh1 Qxf8 24. Qf3 Ne3 25. c3 Nxf1 26.
cxd4 Nd2 27. Qg3+ Kf7 28. Bxd5+ Ke7 29. Qe5+ Kd7 30. Ra7+ 1-0

[Event "American Continental"]
[Site "Buenos Aires ARG"]
[Date "2005.08.13"]
[Round "8"]
[White "Evans,P"]
[Black "Giampa,A"]
[Result "1/2-1/2"]
[WhiteElo "2058"]
[BlackElo "2243"]
[EventDate "2005.08.06"]

1. e4 c5 2. Nf3 Nc6 3. d4 cxd4 4. Nxd4 g6 5. Nc3 Bg7 6. Be3 Nf6 7. Bc4 O-O
8. Bb3 a5 9. f3 d6 10. Nxc6 bxc6 11. Qd2 Be6 12. e5 Nd5 13. Nxd5 cxd5 14.
Bxd5 Bxd5 15. Qxd5 Bxe5 16. c3 Qb8 17. Qd2 Qb5 18. Kf2 a4 19. Rhc1 Rab8 20.
Rc2 Rfc8 21. Bd4 Rc4 22. Bxe5 Qxe5 23. g3 d5 24. Re1 Qd6 25. Qe2 e6 26. Rd1
Rbc8 27. Rd3 Qc5+ 28. Kf1 h5 29. b3 axb3 30. axb3 Rb4 31. Rb2 Rb7 32. b4
Qb5 33. Ra2 Rbc7 34. Ra5 Qb7 35. Qd2 Rc4 36. Kg2 R8c6 37. Ra3 Qc7 38. Qe3
Rb6 39. Ra8+ Kg7 40. Ra3 Qd6 41. Ra5 Rbc6 42. Ra3 Rc7 43. Ra4 Qc6 44. Ra3
f6 45. Ra7 Rxa7 46. Qxa7+ Qc7 47. Qe3 Rc6 48. Qd4 Qb6 49. Qxb6 Rxb6 50. Rd2
Rc6 51. Rd3 Kf8 52. Kf2 Ke7 53. Ke3 Kd6 54. Kd2 e5 55. Ke3 Rc4 56. Kd2 g5
57. Kc2 f5 58. Kb3 g4 59. Kb2 f4 60. Kb3 Rc7 61. Kb2 Rf7 62. gxf4 Rxf4 63.
fxg4 hxg4 64. Rd2 Rf3 65. Rg2 Rf4 66. Kc2 Ke6 67. Rd2 e4 68. b5 Rf8 69. Rg2
Rb8 70. Rxg4 Rxb5 71. h4 Rc5 72. Kd2 Rc7 73. Rg6+ Ke5 74. Rg5+ Ke6 75. h5
Rf7 76. h6 Rf2+ 77. Ke3 Rf3+ 78. Ke2 Rh3 1/2-1/2

[Event "American Continental"]
[Site "Buenos Aires ARG"]
[Date "2005.08.13"]
[Round "8"]
[White "Blanco Fernandez,A"]
[Black "Borda,A"]
[Result "1/2-1/2"]
[WhiteElo "2367"]
[BlackElo "2131"]
[EventDate "2005.08.06"]

1. e4 e5 2. Nf3 d6 3. d4 Nf6 4. Nc3 Nbd7 5. Bc4 Be7 6. O-O O-O 7. a4 a5 8.
Ba2 exd4 9. Nxd4 Nc5 10. Re1 Nfd7 11. Nd5 Nxa4 12. Nb5 c6 13. Nxe7+ Qxe7
14. Qxd6 Qxd6 15. Nxd6 Ndc5 16. Bg5 b5 17. Be7 Be6 18. Bxe6 Nxe6 19. b3
Nac5 20. Bxf8 Kxf8 21. b4 Na4 22. bxa5 Rxa5 23. Ra2 Nec5 24. e5 Ra8 25. f4
Rd8 26. Raa1 Ne6 27. f5 Nd4 28. Ra2 f6 29. Nb7 Rd7 30. Na5 Nc3 31. e6 Rc7
32. Nb3 Nxa2 33. Nxd4 Nc3 34. Ra1 b4 35. Ra8+ Ke7 36. Rh8 h6 37. Nf3 c5 38.
Nh4 Nd5 39. Ng6+ Kd6 40. Rd8+ Kc6 41. Kf2 c4 42. Rb8 Kc5 43. Ke2 Kd4 44.
Kf3 b3 1/2-1/2

[Event "American Continental"]
[Site "Buenos Aires ARG"]
[Date "2005.08.13"]
[Round "8"]
[White "Varela,D"]
[Black "Farfan Ortiz,A"]
[Result "1/2-1/2"]
[WhiteElo "2113"]
[BlackElo "2285"]
[EventDate "2005.08.06"]

1. d4 Nf6 2. Nf3 d5 3. Bf4 c5 4. c3 cxd4 5. cxd4 Nc6 6. Nc3 Bf5 7. e3 e6 8.
Bb5 Nd7 9. Qa4 Rc8 10. Bxc6 Rxc6 11. Qxa7 Qc8 12. Qa5 Rc4 13. O-O Bb4 14.
Qb5 Bxc3 15. bxc3 O-O 16. Bd6 Rxc3 17. Qb2 Rc2 18. Qa3 Re8 19. Rfc1 Nb6 20.
Rxc2 Qxc2 21. Bc5 Nc4 22. Qb3 b6 23. Qxc2 Bxc2 24. Bb4 f6 25. Ne1 Bg6 26.
a3 Ra8 27. Kf1 Kf7 28. Ke2 e5 29. dxe5 fxe5 30. f3 Ke6 31. Nd3 Ra7 32. Ra2
Kd7 33. Nb2 Bb1 34. Ra1 Nxb2 35. Rxb1 Nc4 36. Rb3 Kc6 37. e4 d4 38. g3 Rf7
39. Bd2 b5 40. Bc1 Nd6 41. Bd2 Kc5 42. Rb1 d3+ 43. Kxd3 Rxf3+ 44. Ke2 Rf6
45. Bb4+ Kc6 46. Bxd6 Rxd6 47. Rc1+ Kb6 48. Rc8 Rd4 1/2-1/2

[Event "American Continental"]
[Site "Buenos Aires ARG"]
[Date "2005.08.13"]
[Round "8"]
[White "Burijovich,L"]
[Black "Leeuw,P"]
[Result "1-0"]
[WhiteElo "2211"]
[BlackElo "2088"]
[EventDate "2005.08.06"]

1. e4 Nc6 2. Bc4 d6 3. Nc3 Nf6 4. d4 g6 5. f3 Bg7 6. Nge2 O-O 7. Bg5 h6 8.
Be3 e5 9. d5 Na5 10. Bb3 Nxb3 11. axb3 a6 12. Qd2 Kh7 13. g4 Ne8 14. h4 c5
15. dxc6 bxc6 16. h5 g5 17. Kf2 Be6 18. Rhd1 f6 19. Qd3 Qc8 20. Na4 Qb7 21.
Nb6 Ra7 22. Nc4 Bxc4 23. Qxc4 Ra8 24. Ng3 Rf7 25. Ra5 Rd7 26. Qe6 Bf8 27.
Nf5 Rad8 28. Rda1 d5 29. exd5 cxd5 30. Qxa6 d4 31. Bd2 e4 32. fxe4 Qxe4 33.
Qd3 Qxd3 34. cxd3 Bd6 35. Ra7 Be5 36. b4 Nd6 37. Nxd6 Bxd6 38. Kf3 Kg7 39.
b5 Bc5 40. Rxd7+ Rxd7 41. Rc1 Bb6 42. Rc6 Rb7 43. Bb4 Kf7 44. Ke4 Rb8 45.
Bc5 Re8+ 46. Kxd4 1-0

[Event "American Continental"]
[Site "Buenos Aires ARG"]
[Date "2005.08.13"]
[Round "8"]
[White "Herrera,Mart"]
[Black "Perez Wertheim,R"]
[Result "1-0"]
[WhiteElo "2192"]
[BlackElo "1999"]
[EventDate "2005.08.06"]

1. e4 e5 2. Nf3 Nc6 3. Bb5 f5 4. d3 fxe4 5. dxe4 Nf6 6. Nc3 Bb4 7. Qd3 d6
8. O-O Bxc3 9. Qxc3 Bd7 10. Re1 O-O 11. Bg5 Qe8 12. Nd2 Ng4 13. Be3 Qh5 14.
Nf1 Rf6 15. Be2 Qh4 16. Bxg4 Bxg4 17. Qb3+ Kh8 18. Qxb7 Raf8 19. Qxc6 Rxf2
20. Bxf2 Qxf2+ 21. Kh1 h5 22. Ne3 Bh3 23. gxh3 1-0

[Event "American Continental"]
[Site "Buenos Aires ARG"]
[Date "2005.08.13"]
[Round "8"]
[White "Toniutti,E"]
[Black "Bermudes,E"]
[Result "1/2-1/2"]
[WhiteElo "2051"]
[BlackElo "2190"]
[EventDate "2005.08.06"]

1. d4 d6 2. c4 e5 3. d5 f5 4. Nc3 Nf6 5. Qc2 Be7 6. Nf3 O-O 7. e4 fxe4 8.
Ng5 Na6 9. Ncxe4 Nxe4 10. Nxe4 Bf5 11. Be3 c6 12. Bd3 Nb4 13. Qb3 Nxd3+ 14.
Qxd3 c5 15. O-O Bxe4 16. Qxe4 Bg5 17. Qg4 Bxe3 18. fxe3 Qe7 19. Rae1 a6 20.
Rd1 Rxf1+ 21. Kxf1 Rf8+ 22. Kg1 Re8 23. a4 a5 24. h3 g6 25. Rf1 Kg7 26. h4
h5 27. Qh3 Qc7 28. Rf2 Qe7 29. Rf3 Rf8 30. Rxf8 Kxf8 31. Qc8+ Kg7 32. Qh3
Qe8 33. b3 Qe7 34. e4 Kf7 35. Qc8 Kg7 36. g3 Kh7 37. Kg2 Kg7 38. Kh3 Qf7
39. Kg2 Qe7 1/2-1/2

[Event "American Continental"]
[Site "Buenos Aires ARG"]
[Date "2005.08.13"]
[Round "8"]
[White "Barros,R"]
[Black "Lucena,L"]
[Result "0-1"]
[WhiteElo "2080"]
[BlackElo "2184"]
[EventDate "2005.08.06"]

1. d4 Nf6 2. c4 e6 3. Nc3 Bb4 4. Bg5 h6 5. Bh4 b6 6. f3 c5 7. a3 Ba5 8. e4
g5 9. Bf2 d6 10. Nge2 Nfd7 11. Rb1 Nc6 12. d5 exd5 13. Qxd5 Nde5 14. b3 Be6
15. Qd2 Qf6 16. h4 O-O-O 17. h5 Nxf3+ 18. gxf3 Qxf3 19. Rg1 Ne5 20. Rg3
Bxc3 21. Nxc3 Qxh5 22. Bg2 Rhe8 23. Kf1 Qg6 24. Re1 f6 25. Nd5 Qf7 26. a4
h5 27. a5 h4 28. Rc3 Kb7 29. Ra1 Bxd5 30. cxd5 b5 31. a6+ Ka8 32. Qe2 b4
33. Rcc1 Qc7 34. Bh3 Rb8 35. Bf5 Qb6 36. Rc2 Qb5 37. Qxb5 Rxb5 38. Kg2 Kb8
39. Be3 Kc7 40. Bd2 Kb6 41. Rca2 Kc7 42. Rc2 Re7 43. Bc1 Kb6 44. Bb2 Ra5
45. Bxe5 Rxe5 46. Rca2 Rxa2+ 47. Rxa2 Re7 48. Rf2 Rf7 49. Be6 Rf8 50. Ra2
c4 51. bxc4 Kc5 52. Bd7 b3 53. Rf2 Kxc4 54. Ba4 Kb4 55. Bxb3 Kxb3 56. Kh3
Kc3 57. Kg4 Kd3 58. Kf5 Re8 59. Rf3+ Kd4 60. Rb3 Re5+ 61. Kxf6 Kxe4 62. Rb7
Rxd5 63. Rxa7 Ra5 64. Ra8 g4 65. a7 Kf3 66. Rf8 Rxa7 67. Kg5+ Kg3 0-1

[Event "American Continental"]
[Site "Buenos Aires ARG"]
[Date "2005.08.13"]
[Round "8"]
[White "Bendana,G"]
[Black "Alaluf,A"]
[Result "1/2-1/2"]
[WhiteElo "2155"]
[BlackElo "2091"]
[EventDate "2005.08.06"]

1. d4 c5 2. c3 Nf6 3. Nf3 b6 4. Bf4 Bb7 5. e3 g6 6. h3 Bg7 7. Nbd2 O-O 8.
Bc4 d6 9. O-O a6 10. a4 Nbd7 11. Re1 Rc8 12. Qe2 Ra8 13. e4 Nh5 14. Bh2 e5
15. Qe3 Qe7 16. Rad1 Bc6 17. Bb3 Nhf6 18. dxe5 dxe5 1/2-1/2

[Event "American Continental"]
[Site "Buenos Aires ARG"]
[Date "2005.08.14"]
[Round "9"]
[White "Nogueiras,J"]
[Black "Vescovi,G"]
[Result "1/2-1/2"]
[WhiteElo "2541"]
[BlackElo "2640"]
[EventDate "2005.08.06"]

1. c4 e6 2. Nc3 d5 3. d4 c6 4. Nf3 Nf6 5. g3 Nbd7 6. Bg2 Be7 7. O-O O-O 8.
b3 a6 9. Qc2 b5 10. e4 bxc4 11. bxc4 dxc4 12. Rd1 a5 13. Bf4 Bb4 14. Na4
Qe7 15. Qxc4 Ba6 16. Qc2 Rac8 17. Ne5 Bb5 18. Bg5 c5 19. Nxd7 cxd4 20. Qb2
Bxa4 21. Nxf8 Bc3 22. Qe2 Bxd1 23. Rxd1 Qxf8 24. Bxf6 gxf6 25. Qg4+ Qg7 26.
Qe2 Qg5 27. h4 Qc5 28. Bf1 Rb8 29. Qg4+ Kf8 30. Bd3 Rb2 31. Rb1 Qa3 32.
Rxb2 Bxb2 33. Bb1 Qc3 34. Qd1 Ba3 35. Bd3 Ke7 36. Kf1 h6 37. Qc2 Qxc2 38.
Bxc2 Kd6 39. Ke2 Bb4 40. a4 Ke5 41. f4+ Kd6 42. h5 Ba3 43. Bd3 Bc1 44. Bb5
Kc5 45. Kd3 e5 46. f5 Kb4 47. g4 1/2-1/2

[Event "American Continental"]
[Site "Buenos Aires ARG"]
[Date "2005.08.14"]
[Round "9"]
[White "Felgaer,R"]
[Black "Gurevich,D"]
[Result "1-0"]
[WhiteElo "2618"]
[BlackElo "2515"]
[EventDate "2005.08.06"]

1. e4 c5 2. Nf3 d6 3. Bb5+ Nd7 4. d4 Ngf6 5. Nc3 a6 6. Bxd7+ Nxd7 7. O-O e6
8. Bg5 Qc7 9. d5 e5 10. a4 g6 11. Nd2 Bg7 12. Nc4 Nb6 13. Na3 Bd7 14. a5
Nc8 15. Nc4 O-O 16. Qe2 Bb5 17. Bd2 Na7 18. Nxb5 axb5 19. Nb6 Rae8 20. Be3
f5 21. f3 h5 22. c3 Kh7 23. b4 Bh6 24. bxc5 Bxe3+ 25. Qxe3 dxc5 26. d6 Qxd6
27. Rfd1 Qe6 28. Qxc5 fxe4 29. fxe4 Rf7 30. Rd6 Qe7 31. Qd5 Qf8 32. Nd7 Qg7
33. Nc5 Rfe7 34. Rf1 Rf8 35. Rxf8 Qxf8 36. Nd7 Qf4 37. Nf6+ Kg7 38. Qg8+
Kh6 39. Qf8+ Rg7 40. Qh8+ Kg5 41. Qxg7 1-0

[Event "American Continental"]
[Site "Buenos Aires ARG"]
[Date "2005.08.14"]
[Round "9"]
[White "Flores,Di"]
[Black "Shabalov,A"]
[Result "0-1"]
[WhiteElo "2513"]
[BlackElo "2593"]
[EventDate "2005.08.06"]

1. Nf3 Nf6 2. c4 c6 3. Nc3 d5 4. e3 e6 5. b3 Nbd7 6. Bb2 e5 7. cxd5 cxd5 8.
g4 h6 9. Qc2 a6 10. O-O-O b5 11. d4 e4 12. Nxd5 Ra7 13. g5 Nxd5 14. Qxe4+
Qe7 15. Qxe7+ Bxe7 16. g6 fxg6 17. Kb1 O-O 18. Bg2 Bb7 19. Rhg1 Ba8 0-1

[Event "American Continental"]
[Site "Buenos Aires ARG"]
[Date "2005.08.14"]
[Round "9"]
[White "Alonso,S"]
[Black "Lima,Da"]
[Result "1/2-1/2"]
[WhiteElo "2457"]
[BlackElo "2535"]
[EventDate "2005.08.06"]

1. e4 c5 2. Nf3 e6 3. d4 cxd4 4. Nxd4 Nf6 5. Nc3 Nc6 6. Ndb5 Bb4 7. a3
Bxc3+ 8. Nxc3 d5 9. exd5 exd5 10. Bd3 O-O 11. O-O d4 12. Ne4 Bf5 13. Bg5
Bxe4 14. Bxe4 h6 15. Bh4 g5 16. Bxc6 bxc6 17. Bg3 Qd5 18. Qd3 Ne4 19. Rfe1
Rfe8 20. Rad1 Rad8 21. f3 Nxg3 22. Rxe8+ Rxe8 23. hxg3 c5 24. c3 Qb3 25.
Rd2 dxc3 26. Qxc3 Qxc3 27. bxc3 Re3 28. Rd7 g4 29. fxg4 Rxg3 30. Rxa7 Rxg4
31. Rc7 Rc4 32. a4 Rxc3 33. a5 Kg7 34. a6 Ra3 35. a7 Ra2 36. Kh2 c4 37. Kg3
c3 38. Kf3 c2 39. Rxc2 Rxa7 40. Rc3 Ra6 41. Rb3 Rf6+ 42. Kg3 Kg6 43. Ra3
Kg5 44. Rb3 Rf5 45. Ra3 Rf1 46. Kh2 f5 47. Rg3+ Kf6 48. Rh3 Kg6 49. Rg3+
Kh7 50. Ra3 Rf4 51. Ra6 Rg4 52. Kh3 Rg5 53. g3 Kg7 54. Rb6 Rg6 55. Rb7+
1/2-1/2

[Event "American Continental"]
[Site "Buenos Aires ARG"]
[Date "2005.08.14"]
[Round "9"]
[White "Sunye Neto,J"]
[Black "Cordova,Em"]
[Result "1/2-1/2"]
[WhiteElo "2530"]
[BlackElo "2422"]
[EventDate "2005.08.06"]

1. c4 e5 2. g3 Nc6 3. Bg2 Nf6 4. Nf3 e4 5. Ng5 d5 6. cxd5 Qxd5 7. d3 Bb4+
8. Nc3 Qe5 9. Ngxe4 Nxe4 10. Bxe4 Bh3 11. Bd2 O-O 12. e3 Rad8 13. Qc2 Qe6
14. Qb3 Qd6 15. a3 Ba5 16. O-O-O a6 17. d4 Bc8 18. Bb1 Bg4 19. Rde1 Bf3 20.
Rhg1 b5 21. Qc2 f5 22. g4 Bxc3 23. Bxc3 Be4 24. Qb3+ Bd5 25. Qc2 Be4 26.
Qd2 Bxb1 27. Kxb1 f4 28. exf4 Qxf4 29. Qxf4 Rxf4 30. Re6 Nxd4 31. Rxa6 Ne2
32. Re1 Nxc3+ 33. bxc3 Rxf2 34. Rc6 1/2-1/2

[Event "American Continental"]
[Site "Buenos Aires ARG"]
[Date "2005.08.14"]
[Round "9"]
[White "Hungaski,R"]
[Black "Rodriguez,And URU"]
[Result "0-1"]
[WhiteElo "2308"]
[BlackElo "2523"]
[EventDate "2005.08.06"]

1. e4 e6 2. d4 d5 3. Nc3 Bb4 4. e5 c5 5. a3 Bxc3+ 6. bxc3 Nc6 7. Qg4 g6 8.
Nf3 Qa5 9. Bd2 Qa4 10. Kd1 cxd4 11. cxd4 b6 12. Qf4 Ba6 13. Ng5 Nd8 14.
Bxa6 Qxa6 15. Bb4 Rc8 16. h4 Qa4 17. Rc1 a5 18. h5 axb4 19. hxg6 fxg6 20.
Nxh7 Nf7 21. Qg4 Ke7 22. axb4 Rc4 23. Kd2 Rxb4 24. c3 Qa2+ 25. Ke3 Qa3 26.
Kd3 Nxe5+ 0-1

[Event "American Continental"]
[Site "Buenos Aires ARG"]
[Date "2005.08.14"]
[Round "9"]
[White "Needleman,G"]
[Black "Quezada,Y"]
[Result "1-0"]
[WhiteElo "2242"]
[BlackElo "2522"]
[EventDate "2005.08.06"]

1. e4 c5 2. Nf3 d6 3. d4 cxd4 4. Nxd4 Nf6 5. Nc3 a6 6. Be2 e5 7. Nb3 Be7 8.
Bg5 Be6 9. Bxf6 Bxf6 10. Qd3 Nc6 11. O-O-O Be7 12. Nd5 Bxd5 13. Qxd5 Qb6
14. Bc4 O-O 15. c3 Qc7 16. Qd3 b5 17. Bd5 Nb4 18. Qe2 Nxd5 19. Rxd5 a5 20.
Kb1 a4 21. Na1 a3 22. b3 f5 23. exf5 Rxf5 24. f3 Rff8 25. Rxb5 Qxc3 26. Rc1
Qd4 27. Qc4+ Kh8 28. Qxd4 exd4 29. Rd5 Bf6 30. Nc2 Rfe8 31. Nxd4 h6 32. Rd1
Ra6 33. Nb5 Re3 34. R5d3 Re7 35. Nxd6 Re2 36. Nc4 Rxg2 37. R3d2 Rg5 38. Rd5
Rg2 39. R5d2 Rg5 40. Kc2 Rf5 41. Rd3 Be7 42. Re1 Bb4 43. Re5 Rf4 44. Rb5
Bf8 45. Rb8 Kh7 46. Re8 Rg6 47. Re4 Rf5 48. Rg4 Re6 49. Re4 Rg6 50. Nd2 Rg2
51. b4 Rxh2 52. Rxa3 Bd6 53. Rd4 Be5 54. Rd5 Rg5 55. Rad3 Re2 56. Kb3 Rgg2
57. a4 Bf4 58. Nc4 Rgf2 59. a5 Rf1 60. a6 Bb8 61. Ka4 Rc1 62. Kb5 Rec2 63.
Rc5 Ba7 64. Nb6 Bxb6 65. Rxc2 1-0

[Event "American Continental"]
[Site "Buenos Aires ARG"]
[Date "2005.08.14"]
[Round "9"]
[White "Mosquera,M"]
[Black "Leitao,R"]
[Result "0-1"]
[WhiteElo "2442"]
[BlackElo "2598"]
[EventDate "2005.08.06"]

1. e4 d6 2. d4 Nf6 3. Nc3 g6 4. f3 c6 5. Be3 Nbd7 6. Qd2 b5 7. O-O-O b4 8.
Nce2 a5 9. g4 Nb6 10. b3 Qc7 11. Ng3 Bb7 12. h4 Nfd7 13. h5 Rg8 14. hxg6
hxg6 15. Nh3 Bg7 16. Ng5 c5 17. Kb1 Rc8 18. dxc5 Nxc5 19. Bb5+ Bc6 20.
Bxc6+ Qxc6 21. Bd4 Bxd4 22. Qxd4 f6 23. Nh3 Ncd7 24. Qf2 Ne5 25. Nf4 Qc5
26. Qxc5 Rxc5 27. Nd3 Rc8 28. Rdf1 Kd7 29. Ne2 Rh8 30. Nxe5+ fxe5 31. Kb2
Rcf8 32. Rxh8 Rxh8 33. Rf2 g5 34. a3 bxa3+ 35. Kxa3 e6 36. Nc3 Kc6 37. Na4
Nd7 38. c4 Rf8 39. Rf1 Nc5 40. Nxc5 Kxc5 41. Ka4 Rh8 42. Ra1 Rh7 43. Ra2
Rh8 44. Ra1 Rf8 45. Rf1 Rf7 46. Rf2 Rh7 47. Ra2 Rh3 48. Kxa5 Rxf3 49. b4+
Kxc4 50. b5 Rf8 51. Kb6 d5 52. Kc6 dxe4 53. b6 e3 54. b7 Rb8 55. Kc7 Rxb7+
56. Kxb7 Kd3 57. Kc6 e2 58. Ra1 Kd2 59. Kd6 e4 60. Ra2+ Ke3 61. Ra1 Kf2 62.
Ke5 e1=Q 63. Rxe1 Kxe1 64. Kxe4 Kf2 0-1